Gra o Tron - 100 postaci z serialu - Statystyki

Ogólne statystyki
  • Ten quiz został rozwiązany 1 275 razy
    1 244 od ostatniego zresetowania
  • Średni wynik to 25 z 103
Statystyki odpowiedzi
Postać % Poprawnych
Jon Snow
93%
Sansa Stark
84%
Arya Stark
83%
Tyrion Lannister
79%
Cersei Lannister
77%
Eddard Stark
72%
Robb Stark
72%
Bran Stark
71%
Daenerys Targaryen
66%
Jaime Lannister
65%
Tywin Lannister
64%
Robert Baratheon
58%
Joffrey Baratheon
56%
Theon Greyjoy
55%
Catelyn Stark
53%
Stannis Baratheon
51%
Rickon Stark
50%
Varys
50%
Jorah Mormont
47%
Ramsay Bolton
43%
Samwell Tarly
43%
Tommen Baratheon
43%
Szary Robak
41%
Renly Baratheon
39%
Melisandre
38%
Viserys Targaryen
38%
Oberyn Martell
36%
Drogo
33%
Bronn
32%
Olenna Tyrell
32%
Yara Greyjoy
32%
Margaery Tyrell
30%
Tormund
30%
Ygritte
30%
Davos Seaworth
28%
Loras Tyrell
28%
Euron Greyjoy
27%
Gendry
26%
Hodor
26%
Walder Frey
26%
Roose Bolton
25%
Nocny Król
24%
Brienne z Tarthu
23%
Lysa Arryn
23%
Balon Greyjoy
21%
Goździk
19%
Daario Naharis
18%
Barristan Selmy
17%
Benjen Stark
17%
Lancel Lannister
17%
Mance Rayder
17%
Jeor Mormont
16%
Aemon Targaryen
15%
Edmure Tully
15%
Gorąca Bułka
15%
Podrick Payne
15%
Shae
15%
Osha
14%
Beric Dondarrion
12%
Kevan Lannister
12%
Mace Tyrell
12%
Pycelle
12%
Wielki Wróbel
12%
Ros
11%
Jojen Reed
10%
Robert Arryn
10%
Doran Martell
9%
Luwin
9%
Meera Reed
9%
Qyburn
9%
Craster
8%
Meryn Trant
8%
Shireen Baratheon
8%
Alliser Thorne
7%
Jaqen H'ghar
7%
Obara Sand
7%
Thoros z Myr
7%
Brynden Tully
6%
Ilyn Payne
6%
Janos Slynt
5%
Nymeria Sand
5%
Illyrio Mopatis
4%
Rickard Karstark
4%
Jon Umber
3%
Pypar
3%
Qhorin
3%
Trystane Martell
3%
Yoren
3%
Aeron Greyjoy
2%
Arthur Dayne
2%
Doreah
2%
Myranda
2%
Walda Bolton
2%
Amory Lorch
1%
Areo Hotah
1%
Cressen
1%
Hizdahr zo Loraq
1%
Kraznys mo Nakloz
1%
Matthos Seaworth
1%
Roslin Frey
1%
Salladhor Saan
1%
Gared
0%
Tycho Nestoris
0%
Nie znaleziono quizów pasujących do podanych kryteriów
Rozkład punktacji
Procent ludzi z każdym wynikiem
Percentyl według liczby udzielonych odpowiedzi
Twoja historia wyników
Nie rozwiązałeś tego quizu od ostatniego zresetowania